Legacy and continuity: social refrorms in Andhra Pradesh: 1850-2000 (Record no. 493543)

000 -LEADER
fixed length control field 00553cam a22001577a 4500
008 - FIXED-LENGTH DATA ELEMENTS--GENERAL INFORMATION
fixed length control field 180718b2007 xxu||||| |||| 00| 0 eng d
082 ## - DEWEY DECIMAL CLASSIFICATION NUMBER
Classification number A98x5451 R141
100 ## - MAIN ENTRY--PERSONAL NAME
Personal name Ramakrishna, Vakulabharanam
245 ## - TITLE STATEMENT
Title Legacy and continuity: social refrorms in Andhra Pradesh: 1850-2000
Statement of responsibility, etc. by Vakulabharanam Ramakrishna and K.H.S.S. Sundar
260 ## - PUBLICATION, DISTRIBUTION, ETC.
Place of publication, distribution, etc. Nizamabad
Name of publisher, distributor, etc. Research and Resource Centre
Date of publication, distribution, etc. 2007
300 ## - PHYSICAL DESCRIPTION
Extent 223p.
650 ## - SUBJECT ADDED ENTRY--TOPICAL TERM
Topical term or geographic name entry element Social policy.
650 ## - SUBJECT ADDED ENTRY--TOPICAL TERM
Topical term or geographic name entry element Conservatism
650 ## - SUBJECT ADDED ENTRY--TOPICAL TERM
Topical term or geographic name entry element Social reformers --India - Andhra Pradesh
700 ## - ADDED ENTRY--PERSONAL NAME
Personal name Sundar, K.H.S.S.
Holdings
Withdrawn status Lost status Damaged status Not for loan Permanent Location Current Location Date acquired Full call number Barcode Date last seen Price effective from Koha item type
        Indian Institute of Public Administration Indian Institute of Public Administration 2018-08-04 A98x5451 R141 GR17898 2018-08-04 2018-08-04 GR

Powered by Koha